000 00537nam a2200193Ia 4500
005 20260120124617.0
008 008 260114s9999 xx 000 0 eng d
020 _a9780762314270
037 _aEBOOK
040 _aCRL
_beng
_cCRL
041 _aeng
_2eng
084 _qCRL
245 0 _aReal Options Theory
260 _bEmerald Publishing
_c2007
700 _aJeffrey J. Reuer
_9908353
856 _uhttps://www.emerald.com/insight/publication/doi/10.1016/S0742-3322(2007)24
942 _cEBOOK
999 _c1500243
_d1500243